[Event "CZE-ch U16"]
[Site "Kouty nad Desnou"]
[Date "2017.03.12"]
[Round "2"]
[White "Otruba, Marek"]
[Black "Zitny, Michal"]
[Result "1-0"]
[WhiteElo "2005"]
[BlackElo "1761"]
[PlyCount "61"]
[EventDate "2017.03.11"]
[EventType "swiss"]
[EventRounds "9"]
[EventCountry "CZE"]
[SourceTitle "CBM 177 Extra"]
[Source "ChessBase"]
[SourceDate "2017.04.27"]
[SourceVersion "1"]
[SourceVersionDate "2017.04.27"]
[SourceQuality "1"]

1. d4 Nf6 2. Nf3 g6 3. Bg5 Bg7 4. Nbd2 d5 5. Bxf6 exf6 6. e3 0-0 7. Bd3 f5 8. h4 h5 9. Ng5 Qe7 10. Qf3 c6 11. c3 Bh6 12. 0-0-0 b5 13. Qg3 a5 14. Nh3 b4 15. c4 Na6 16. cxd5 cxd5 17. Kb1 b3 18. a3 Nc7 19. Nf4 Kh7 20. Rc1 Ba6 21. Bxa6 Rxa6 22. Nxg6 Rxg6 23. Qxc7 Qxc7 24. Rxc7 Rxg2 25. Nxb3 Rxf2 26. Re1 a4 27. Nc5 Bg7 28. Rg1 Kh8 29. Rg5 Bf6 30. Rxh5+ Kg8 31. Nd7 1-0

[Event "CZE-chT U18 Extraliga Ost 1617"]
[Site "Czech Republic"]
[Date "2016.12.03"]
[Round "5.6"]
[White "Zitny, Michal"]
[Black "Svanda, Adam"]
[Result "1/2-1/2"]
[WhiteElo "1744"]
[BlackElo "1617"]
[PlyCount "76"]
[EventDate "2016.10.01"]
[EventType "team-tourn"]
[EventRounds "11"]
[EventCountry "CZE"]
[SourceTitle "EXT 2022"]
[Source "ChessBase"]
[SourceDate "2021.10.06"]
[SourceVersion "1"]
[SourceVersionDate "2021.10.06"]
[SourceQuality "1"]
[WhiteTeam "Brno Lokomotiva U18"]
[BlackTeam "Policka Stefanydes U18"]
[WhiteTeamCountry "CZE"]
[BlackTeamCountry "CZE"]

1. d4 Nf6 2. Nf3 e6 3. c4 Bb4+ 4. Bd2 Qe7 5. a3 Bxd2+ 6. Nbxd2 0-0 7. e3 b6 8. Bd3 Bb7 9. Qc2 d6 10. 0-0 Nbd7 11. b4 c5 12. Rfe1 Rac8 13. Rac1 Rfd8 14. Qb1 Rc7 15. Ne4 Nxe4 16. Bxe4 Bxe4 17. Qxe4 Nf6 18. Qb1 Rdc8 19. Nd2 Qd7 20. Qb3 cxd4 21. exd4 b5 22. Rc2 bxc4 23. Nxc4 Nd5 24. Rec1 Nb6 25. Nxb6 axb6 26. b5 g6 27. a4 e5 28. d5 Rc5 29. g3 Ra8 30. Rxc5 dxc5 31. Qc4 Qa7 32. Ra1 Qd7 33. Rd1 Qd6 34. f3 Ra7 35. Re1 Re7 36. Rd1 Ra7 37. Re1 Re7 38. Rd1 Ra7 1/2-1/2

[Event "CZE-chT U20 Extraliga final-B 1415"]
[Site "Czech Republic"]
[Date "2015.04.24"]
[Round "8.4"]
[White "Zitny, Michal"]
[Black "Vitak, Jiri"]
[Result "0-1"]
[WhiteElo "1547"]
[BlackElo "1717"]
[PlyCount "114"]
[EventDate "2014.10.11"]
[EventType "team-tourn"]
[EventRounds "11"]
[EventCountry "CZE"]
[SourceTitle "EXT 2021"]
[Source "ChessBase"]
[SourceDate "2020.10.23"]
[SourceVersion "1"]
[SourceVersionDate "2020.10.23"]
[SourceQuality "1"]
[WhiteTeam "Brno Lokomotiva (U20) II"]
[BlackTeam "Liberec Desko (U20)"]
[WhiteTeamCountry "CZE"]
[BlackTeamCountry "CZE"]

1. d4 d5 2. c4 e6 3. cxd5 exd5 4. Nc3 Nf6 5. Qc2 c6 6. Bg5 h6 7. Bh4 Bd6 8. e3 0-0 9. Bd3 Re8 10. Nge2 Nbd7 11. 0-0 Qc7 12. Bg3 Bxg3 13. Nxg3 Nb6 14. Rac1 Be6 15. Nce2 Nc8 16. b4 a6 17. a4 Nd6 18. Nf4 Bd7 19. Qc5 g5 20. Nfe2 Nc4 21. a5 Be6 22. b5 axb5 23. Bxc4 bxc4 24. Ra1 Nd7 25. Qb4 f5 26. f4 g4 27. Nc3 Nf6 28. Qc5 Qe7 29. Qxe7 Rxe7 30. Kf2 h5 31. Nge2 h4 32. g3 h3 33. Rfb1 Ne8 34. Rb6 Bc8 35. Nb1 Nd6 36. Nec3 Kf7 37. Ra4 Ke6 38. Ke2 Kd7 39. Kd2 Kc7 40. Rb2 Ra6 41. Na3 Bd7 42. Nc2 Re8 43. Nb4 Ra7 44. a6 b5 45. Ra5 Be6 46. Rba2 Rea8 47. R2a3 Kb6 48. Ra1 Bc8 49. Nbxd5+ cxd5 50. Nxd5+ Kc6 51. Nb4+ Kd7 52. Kc3 Ne4+ 53. Kc2 Rb8 54. Nd5 Ke6 55. Nb4 Bd7 56. Rd1 Rb6 57. Rc1 Nf6 0-1

[Event "CZE-ch U14"]
[Site "Kouty nad Desnou"]
[Date "2015.03.08"]
[Round "2"]
[White "Petr, Jakub"]
[Black "Zitny, Michal"]
[Result "1-0"]
[WhiteElo "1738"]
[BlackElo "1524"]
[PlyCount "53"]
[EventDate "2015.03.07"]
[EventType "swiss"]
[EventRounds "9"]
[EventCountry "CZE"]
[SourceTitle "EXT 2017"]
[Source "ChessBase"]
[SourceDate "2016.10.25"]
[SourceVersion "1"]
[SourceVersionDate "2016.10.25"]
[SourceQuality "1"]

1. e4 c6 2. d4 d5 3. Nd2 dxe4 4. Nxe4 Bf5 5. Ng3 Bg6 6. h4 h6 7. Nf3 Nf6 8. Ne5 Bh7 9. Bd3 Bxd3 10. Qxd3 Nbd7 11. Bf4 e6 12. 0-0-0 Nd5 13. Bd2 Nxe5 14. dxe5 Be7 15. h5 Qb6 16. Ne4 Rd8 17. Qg3 Kf8 18. f4 Rg8 19. Rhf1 g6 20. f5 exf5 21. Bxh6+ Ke8 22. Nf6+ Bxf6 23. exf6 Nc7 24. Rxd8+ Kxd8 25. Qd6+ Kc8 26. hxg6 Qa6 27. Rd1 1-0

[Event "CZE-ch U10"]
[Site "Kouty nad Desnou"]
[Date "2011.03.16"]
[Round "6"]
[White "Zitny, Michal"]
[Black "Haase, Pavel"]
[Result "0-1"]
[WhiteElo "1100"]
[BlackElo "1250"]
[PlyCount "104"]
[EventDate "2011.03.12"]
[EventType "swiss"]
[EventRounds "9"]
[EventCountry "CZE"]
[SourceTitle "EXT 2014"]
[Source "ChessBase"]
[SourceDate "2013.11.20"]
[SourceVersion "1"]
[SourceVersionDate "2013.11.20"]
[SourceQuality "1"]

1. e4 e6 2. d4 d5 3. Nd2 c5 4. c3 Nc6 5. Ne2 Qb6 6. exd5 exd5 7. Nf3 Bf5 8. Bf4 Qxb2 9. g3 Be4 10. Bg2 cxd4 11. cxd4 Bb4+ 12. Kf1 Qc2 13. Qxc2 Bxc2 14. Ne1 Be4 15. f3 Bf5 16. g4 Bg6 17. Bg3 Nf6 18. h4 h5 19. gxh5 Bxh5 20. Rb1 b6 21. Nd3 Be7 22. Ne5 Nxe5 23. dxe5 Nh7 24. Nf4 Bg6 25. Rd1 Rd8 26. Rxd5 Rxd5 27. Nxd5 Bb1 28. Nc3 Bd3+ 29. Ke1 Bb4 30. Kd2 Bc4 31. Ra1 0-0 32. a3 Ba5 33. Bf1 Bxf1 34. Rxf1 Rd8+ 35. Kc2 Rc8 36. Be1 Nf8 37. Kb3 Ne6 38. Nd5 Nd4+ 39. Kb2 Rc2+ 40. Kb1 Bxe1 41. Rxe1 Rh2 42. Rc1 Nxf3 43. Rc8+ Kh7 44. Rc7 Nxe5 45. Rxa7 Rxh4 46. Nxb6 f5 47. a4 f4 48. Nd5 f3 49. Nf6+ Kg6 50. Nd5 f2 51. Ne3 Re4 52. Ra6+ Kh7 0-1